Instructions and suggestions of Comptroller of Currency relative to organization, et cetera, of national banks.

Bibliographic Details
Corporate Author: United States. Office of the Comptroller of the Currency
Format: Government Document eBook
Language:English
Published: [Washington] : GPO, 1909.
Subjects:
Online Access:Connect to the full text of this electronic document

MARC

Tag First Indicator Second Indicator Subfields
LEADER 00000cam a22000001a 4500
001 in00003631990
005 20190408152407.0
006 m o d f
007 cr bn mmmapmmp
008 141121s1909 dcu o f001 0 eng d
035 |a ebd1909111071 
040 |a UMI  |c UMI  |d UtOrBLW 
086 0 |a T 12.8:909/2 
099 |a T1208-10 
110 1 |a United States.  |b Office of the Comptroller of the Currency.  |0 http://id.loc.gov/authorities/names/n79113015 
245 1 0 |a Instructions and suggestions of Comptroller of Currency relative to organization, et cetera, of national banks. 
264 1 |a [Washington] :  |b GPO,  |c 1909. 
300 |a 1 online resource (47 pages) 
336 |a text  |b txt  |2 rdacontent 
337 |a computer  |b c  |2 rdamedia 
338 |a online resource  |b cr  |2 rdacarrier 
500 |a Reports include index. 
533 |a Electronic reproduction.  |b [Bethesda, Md.] :  |c ProQuest,  |d 2014.  |e digital, PDF file.  |n ProQuest U.S. Executive Branch Documents  |n Mode of access: World Wide Web via ProQuest website. 
588 |a Record is based on online resource; title from PDF title page (ProQuest, last viewed Nov. 2014). Reuse except for individual research requires license from ProQuest, LLC. 
500 |a Electronic resource. 
610 1 0 |a United States.  |b Department of the Treasury.  |0 http://id.loc.gov/authorities/names/n78096864 
650 0 |a Banks and banking.  |0 http://id.loc.gov/authorities/subjects/sh85011609 
650 0 |a Government securities.  |0 http://id.loc.gov/authorities/subjects/sh85056106 
650 0 |a State governments.  |0 http://id.loc.gov/authorities/subjects/sh85127498 
655 7 |a Electronic books.  |2 local 
856 4 0 |u http://proxy.library.tamu.edu/login?url=http://congressional.proquest.com/congressional/docview/t66.d71.t1208-10  |z Connect to the full text of this electronic document  |t 0 
999 f f |s 9d53972d-418f-3328-a9d3-b7b09c2a07ce  |i fe48284e-9d09-34f6-bad8-847cd63417bc  |t 0 
952 f f |a Texas A&M University  |b College Station  |c Electronic Resources  |d Available Online  |t 0  |h No information provided 
998 f f |t 0  |l Available Online